| 000 | 00436nam a2200157Ia 4500 | ||
|---|---|---|---|
| 008 | 160316s1997 xxu||||| |||| 00| 0 eng d | ||
| 082 |
_a342.000000 _bSYK |
||
| 100 | _aSykes E I | ||
| 245 | _aGeneral principles of administrative law | ||
| 250 | _a4th | ||
| 260 |
_aSydney _bButterworths _c1997 |
||
| 300 |
_a493p _b493p* _c |
||
| 365 | _bRs. 2,557.50 | ||
| 650 | _a1.Administrative Law - Australia | ||
| 700 |
_aLlanham D J _aTracey R R S |
||
| 999 |
_c12877 _d12877 |
||